000 00275 a2200145 4500
001 113902
041 _apor
090 _aITAUTEC
245 1 0 _aItautec
250 _a. ed.
300 _aItautec
040 _aBR-BrIDEA
_cBR-BrIDEA
260 _a[S.l.]
_c2016
942 _cDE
999 _c113902
_d113902